Losowe Pytania Geograficzne #1 (łatwe) - Statystyki

Ogólne statystyki
  • Ten quiz został rozwiązany 151 razy
  • Średni wynik to 4 z 5
Statystyki odpowiedzi
Pytanie Odpowiedź % Poprawnych
Na tym kontynencie leży Niger Afryka
99%
Stolicą tego kraju jest Ankara Turcja
91%
W tym kraju leży najwyższa góra na świecie Nepal
81%
Ile państw powstało po rozpadzie ZSRR? 15
80%
Państwo graniczące z Ukrainą, które nie graniczy z Polskąale było kiedyś częścią ZSRR Mołdawia
79%
Nie znaleziono quizów pasujących do podanych kryteriów
Rozkład punktacji
Procent ludzi z każdym wynikiem
Percentyl według liczby udzielonych odpowiedzi
Twoja historia wyników
Nie rozwiązałeś tego quizu